000
00402nam a22001097a 4500
082
_a
0080/SHA
100
_a
रॉबिन , शर्मा
_9
72818
245
_a
जियो शान से 30 दिन मई हासिल करे दिव्या जीवन Megaliving
260
_a
Mumbai
_b
Jaico
_c
2024
650
_a
व्यक्तित्व विकास
_9
65212
942
_c
HIN
999
_c
67794
_d
67794